Derecho por entregas Estudios sobre prensa y revistas en la Espaą liberal /

Bibliographic Details
Main Author: Petit, Carlos
Format: eBook
Language:Spanish
Published: Madrid: Dykinson, 2020
Subjects:
Online Access:Acceso restringido

MARC

LEADER 00000nam a22000007a 4500
005 20210204234811.0
007 cr|||| ||||
008 210204s2020 es |||||s|||| 00||0 spa d
020 |a 978-84-1377-145-8 
035 |a 32949 
040 |a vLex 
090 |c 11097  |d 11097 
100 1 |a Petit, Carlos 
245 1 0 |a Derecho por entregas  |h [Recurso electrn̤ico] :  |b Estudios sobre prensa y revistas en la Espaą liberal /  |c Carlos Petit 
256 |a Servicio en ln̕ea 
260 |a Madrid:  |b Dykinson,  |c 2020 
300 |a 1 recurso electrn̤ico 
500 |a Estudios sobre revistas jurd̕icas espaǫlas de los siglos XIX y XX (La Escuela del Derecho, la Revista de los Tribunales, la Revista General de Legislacin̤ y Jurisprudencia, la Revista de Ciencias Jurd̕icas y Sociales) y de cuestiones de relevancia jurd̕ica abordadas por la prensa cotidiana (el crimen de la calle de Fuencarral, la celebridad de Cesare Lombroso). Hay dos tesis --una, en realidad-- que recorren los trabajos. La primera trata del modelo predominante de jurista en la cultura liberal: el viejo abogado ciceroniano se sustituye desde los aǫs 1880 por un jurista cientf̕ico que se hace presente en las revistas y en la universidad, con el caso seęro de Rafael de Ureą y del r̤gano perid̤ico que cre ̤y dirigi ̤en la facultad de Derecho de la Universidad de Madrid. Secundariamente se sostiene que no exista̕n, antes de esos aǫs y an︢ despuš, grandes diferencias entre los llamados "perid̤icos jurd̕icos" y los "perid̤icos polt̕icos", considerada la proyeccin̤ de un mismo discurso pb︢lico que encontr ̤en el abogado su principal portavoz; el sevillano Joaqun̕ Francisco Pacheco, fundador de revistas profesionales y de diarios, puede encarnar como ninguno el arquetipo del jurista-hombre pb︢lico que, como Cicern̤, actuaba en defensa del patrocinado y con ello, directamente, a favor de la causa colectiva. 
506 1 |a Disponible solo en los productos indicados  |d vLex Global  |d vLex Global (Academic Edition, excluding Law Schools)  |d vLex Global (U.S. Academic Edition, Law Schools)  |d vLex Global (U.S. Academic Edition, excluding Law Schools)  |d vLex Global (Academic Edition, Law Schools) 
650 0 4 |a Derecho Militar  |z Espaą 
740 0 |a vLex Libros (Servicio en ln̕ea) 
856 4 0 |u http://vlex.com/source/derecho-por-entregas-estudios-sobre-prensa-y-revistas-en-la-espa-a-liberal-32949  |z Acceso restringido 
942 |c BOOK 
999 0 |a Military Law